[Event "FSIM 2006.06"]
[Site "Budapest HUN"]
[Date "2006.06.08"]
[Round "4"]
[White "Kaufman, Raymond"]
[Black "Kahn, Evarth"]
[Result "0-1"]
[WhiteElo "2230"]
[BlackElo "2289"]
[PlyCount "74"]
[GameId "2129405112260661"]
[EventDate "2006.06.05"]
[EventType "tourn"]
[EventRounds "11"]
[EventCountry "HUN"]
[EventCategory "2"]
[SourceTitle "The Week in Chess 605"]
[Source "Mark Crowther"]
[SourceDate "2006.06.12"]
[SourceVersion "1"]
[SourceVersionDate "2006.06.12"]
[SourceQuality "2"]

1. d4 Nf6 2. c4 g6 3. Nc3 Bg7 4. e4 O-O 5. Nf3 d6 6. Be2 e5 7. d5 a5 8. Bg5 h6 9. Bh4 Na6 10. Nd2 Qe8 11. O-O Bd7 12. b3 Nh7 13. a3 h5 14. f3 Bh6 15. Bf2 Qe7 16. Qc2 h4 17. Kh1 f5 18. Rab1 Qg5 19. Rfd1 Nf6 20. b4 axb4 21. axb4 Nh5 22. c5 Ng3+ 23. Bxg3 hxg3 24. cxd6 cxd6 25. Nc4 Qh4 26. h3 Rac8 27. Nb6 Rc7 28. Nxd7 Rxd7 29. Qa4 Rh7 30. Bxa6 bxa6 31. Qxa6 Rd8 32. b5 Be3 33. b6 Qxh3+ 34. gxh3 Rxh3+ 35. Kg2 Rh2+ 36. Kf1 Rf2+ 37. Ke1 g2 0-1

[Event "FSIM 2006.06"]
[Site "Budapest HUN"]
[Date "2006.06.11"]
[Round "7"]
[White "Konnyu, Janos"]
[Black "Kaufman, Raymond"]
[Result "1/2-1/2"]
[WhiteElo "2262"]
[BlackElo "2230"]
[PlyCount "93"]
[GameId "2129405112260675"]
[EventDate "2006.06.05"]
[EventType "tourn"]
[EventRounds "11"]
[EventCountry "HUN"]
[EventCategory "2"]
[SourceTitle "The Week in Chess 605"]
[Source "Mark Crowther"]
[SourceDate "2006.06.12"]
[SourceVersion "1"]
[SourceVersionDate "2006.06.12"]
[SourceQuality "2"]

1. e4 e5 2. Nf3 Nc6 3. d4 exd4 4. Nxd4 Bc5 5. Be3 Qf6 6. c3 Nge7 7. Bc4 Bb6 8. O-O Ne5 9. Be2 Qg6 10. Nd2 h5 11. a4 d5 12. Re1 dxe4 13. a5 Bh3 14. Bf1 h4 15. Kh1 Bg4 16. f3 h3 17. fxg4 hxg2+ 18. Bxg2 Nxg4 19. Nf1 Bc5 20. Qc2 f5 21. Bg1 O-O-O 22. Nxf5 Qxf5 23. Qxe4 Nf2+ 24. Bxf2 Qxf2 25. Qxb7+ Kd7 26. Qb5+ c6 27. Rad1+ Kc8 28. Bh3+ Rxh3 29. Rxd8+ Kxd8 30. Qb8+ Nc8 31. Rd1+ Ke7 32. Qc7+ Kf6 33. Qxc6+ Kf7 34. Qd5+ Kf6 35. Qc6+ Nd6 36. Rxd6+ Bxd6 37. Qxd6+ Kg5 38. Qe5+ Kh4 39. Qe4+ Kg5 40. Qe5+ Kh4 41. Qe7+ g5 42. Qh7+ Kg4 43. Qe4+ Qf4 44. Qe6+ Kh4 45. Qh6+ Kg4 46. Qe6+ Kh4 47. Qh6+ 1/2-1/2

[Event "FSIM 2006.06"]
[Site "Budapest HUN"]
[Date "2006.06.12"]
[Round "8"]
[White "Kaufman, Raymond"]
[Black "Reiss, Tibor"]
[Result "1-0"]
[WhiteElo "2230"]
[BlackElo "2377"]
[PlyCount "77"]
[GameId "2129405112260680"]
[EventDate "2006.06.05"]
[EventType "tourn"]
[EventRounds "11"]
[EventCountry "HUN"]
[EventCategory "2"]
[SourceTitle "The Week in Chess 606"]
[Source "Mark Crowther"]
[SourceDate "2006.06.19"]
[SourceVersion "1"]
[SourceVersionDate "2006.06.19"]
[SourceQuality "2"]

1. d4 d5 2. Nc3 Nf6 3. Bg5 Nbd7 4. Qd3 c6 5. e4 dxe4 6. Nxe4 h6 7. Nxf6+ Nxf6 8. Bh4 Qa5+ 9. c3 Bf5 10. Qc4 g5 11. Bg3 Ne4 12. Nf3 Nxg3 13. hxg3 Bg7 14. b4 Qb6 15. a4 a5 16. Qc5 Qxc5 17. bxc5 O-O-O 18. Bc4 e5 19. Nxe5 Rhe8 20. O-O-O Bxe5 21. dxe5 Rxe5 22. Rxd8+ Kxd8 23. Kd2 Bg6 24. Rxh6 Rxc5 25. Bb3 Rf5 26. f3 Rf6 27. Ke3 Rd6 28. Bxf7 Rd3+ 29. Ke2 Be4 30. fxe4 Rxg3 31. Kd2 g4 32. e5 Rxg2+ 33. Ke3 Rc2 34. Kd3 Rf2 35. Be6 g3 36. Rg6 Rf3+ 37. Kd4 b5 38. axb5 cxb5 39. Bd5 1-0

[Event "FSIM 2006.06"]
[Site "Budapest HUN"]
[Date "2006.06.13"]
[Round "9"]
[White "Delabaca, Romuald"]
[Black "Kaufman, Raymond"]
[Result "1/2-1/2"]
[WhiteElo "2203"]
[BlackElo "2230"]
[PlyCount "36"]
[GameId "2129405112260684"]
[EventDate "2006.06.05"]
[EventType "tourn"]
[EventRounds "11"]
[EventCountry "HUN"]
[EventCategory "2"]
[SourceTitle "The Week in Chess 606"]
[Source "Mark Crowther"]
[SourceDate "2006.06.19"]
[SourceVersion "1"]
[SourceVersionDate "2006.06.19"]
[SourceQuality "2"]

1. e4 g6 2. d4 d6 3. Nc3 Bg7 4. Be3 Nd7 5. Qd2 a6 6. a4 e5 7. Nf3 Ngf6 8. dxe5 dxe5 9. h3 O-O 10. Bc4 b6 11. Bh6 Bb7 12. Bxg7 Kxg7 13. Qe3 b5 14. axb5 axb5 15. Rxa8 Qxa8 16. Bxb5 Qa1+ 17. Nd1 Qa5+ 18. Nc3 Qa1+ 1/2-1/2

[Event "FSIM 2006.06"]
[Site "Budapest HUN"]
[Date "2006.06.14"]
[Round "10"]
[White "Kaufman, Raymond"]
[Black "Farago, Sandor"]
[Result "1/2-1/2"]
[WhiteElo "2230"]
[BlackElo "2262"]
[PlyCount "42"]
[GameId "2129405112260690"]
[EventDate "2006.06.05"]
[EventType "tourn"]
[EventRounds "11"]
[EventCountry "HUN"]
[EventCategory "2"]
[SourceTitle "The Week in Chess 606"]
[Source "Mark Crowther"]
[SourceDate "2006.06.19"]
[SourceVersion "1"]
[SourceVersionDate "2006.06.19"]
[SourceQuality "2"]

1. d4 d5 2. c4 c6 3. Nf3 Nf6 4. Nc3 a6 5. c5 Bf5 6. Bf4 Nbd7 7. e3 b5 8. b4 a5 9. a3 e6 10. Nxb5 cxb5 11. Bxb5 Be7 12. c6 O-O 13. cxd7 Nxd7 14. O-O axb4 15. axb4 Nf6 16. Ne5 Bxb4 17. Rxa8 Qxa8 18. Nc6 Qa3 19. Qa4 Qxa4 20. Bxa4 Ra8 21. Nxb4 Rxa4 1/2-1/2

[Event "FSIM 2006.06"]
[Site "Budapest HUN"]
[Date "2006.06.15"]
[Round "11"]
[White "Kayar, Erdem"]
[Black "Kaufman, Raymond"]
[Result "0-1"]
[WhiteElo "2191"]
[BlackElo "2230"]
[PlyCount "58"]
[GameId "2129405112260695"]
[EventDate "2006.06.05"]
[EventType "tourn"]
[EventRounds "11"]
[EventCountry "HUN"]
[EventCategory "2"]
[SourceTitle "The Week in Chess 606"]
[Source "Mark Crowther"]
[SourceDate "2006.06.19"]
[SourceVersion "1"]
[SourceVersionDate "2006.06.19"]
[SourceQuality "2"]

1. e4 g6 2. d4 d6 3. Nc3 Bg7 4. Nf3 Nf6 5. Be3 c6 6. Qe2 O-O 7. O-O-O b5 8. e5 Nfd7 9. Bf4 b4 10. Ne4 Qa5 11. exd6 exd6 12. Bxd6 Re8 13. Ne5 Qxa2 14. Qe3 Nxe5 15. Bxe5 Nd7 16. Bxg7 Kxg7 17. Qf4 Qa1+ 18. Kd2 Qxb2 19. Nd6 Re7 20. Bc4 Nf6 21. Rde1 Qc3+ 22. Kd1 Be6 23. Bxe6 Rxe6 24. Rxe6 fxe6 25. Re1 Rf8 26. Rxe6 b3 27. Rxf6 bxc2+ 28. Kc1 Qe1+ 29. Kxc2 Rxf6 0-1

[Event "FSIM-B 2006.05"]
[Site "Budapest HUN"]
[Date "2006.05.06"]
[Round "1"]
[White "Kaufman, Raymond"]
[Black "Schneider Zinner, Harald"]
[Result "1/2-1/2"]
[WhiteElo "2230"]
[BlackElo "2388"]
[PlyCount "51"]
[GameId "2129405112778144"]
[EventDate "2006.05.06"]
[EventType "tourn"]
[EventRounds "9"]
[EventCountry "HUN"]
[EventCategory "1"]
[SourceTitle "The Week in Chess 601"]
[Source "Mark Crowther"]
[SourceDate "2006.05.15"]
[SourceVersion "1"]
[SourceVersionDate "2006.05.15"]
[SourceQuality "2"]

1. d4 Nf6 2. c4 e6 3. Nf3 b6 4. Nc3 Bb7 5. a3 d5 6. cxd5 Nxd5 7. Bd2 Be7 8. Qc2 O-O 9. e4 Nxc3 10. Bxc3 Nd7 11. Rd1 Qc8 12. Bd3 Rd8 13. O-O Nf8 14. Ne5 c5 15. dxc5 Bxc5 16. Qe2 f6 17. Ng4 e5 18. Bc4+ Kh8 19. Rxd8 Qxd8 20. Rd1 Qc8 21. Bxe5 fxe5 22. Nxe5 h6 23. Qh5 Bxe4 24. Nf7+ Kh7 25. Ng5+ Kh8 26. Nf7+ 1/2-1/2

[Event "FSIM-B 2006.05"]
[Site "Budapest HUN"]
[Date "2006.05.07"]
[Round "2"]
[White "Mihok, Oliver"]
[Black "Kaufman, Raymond"]
[Result "1/2-1/2"]
[WhiteElo "2215"]
[BlackElo "2230"]
[PlyCount "99"]
[GameId "2129405112778149"]
[EventDate "2006.05.06"]
[EventType "tourn"]
[EventRounds "9"]
[EventCountry "HUN"]
[EventCategory "1"]
[SourceTitle "The Week in Chess 601"]
[Source "Mark Crowther"]
[SourceDate "2006.05.15"]
[SourceVersion "1"]
[SourceVersionDate "2006.05.15"]
[SourceQuality "2"]

1. e4 c5 2. Nf3 d6 3. d4 cxd4 4. Nxd4 Nf6 5. Nc3 Nc6 6. Bc4 Qb6 7. Nxc6 bxc6 8. O-O g6 9. Qe1 Ng4 10. h3 Ne5 11. Na4 Qd4 12. Bb3 Ba6 13. Bd2 f5 14. Be3 Nf3+ 15. gxf3 Qf6 16. Qc3 Qxc3 17. Nxc3 Bxf1 18. Kxf1 Bg7 19. Rd1 Kd7 20. Bd4 Bxd4 21. Rxd4 Kc7 22. f4 fxe4 23. Nxe4 Raf8 24. Ng5 Rf6 25. Re4 Kd7 26. Ra4 d5 27. Rxa7+ Kd6 28. Ra4 h6 29. Nf3 g5 30. Ke2 Rhf8 31. Rd4 Rxf4 32. Rxf4 Rxf4 33. c3 e5 34. Bc2 e4 35. Ng1 h5 36. Ke3 c5 37. Bd1 Rh4 38. f3 d4+ 39. cxd4 cxd4+ 40. Kxd4 exf3+ 41. Ke3 g4 42. hxg4 hxg4 43. Nxf3 gxf3 44. Bxf3 Rb4 45. b3 Kc5 46. Be4 Rb8 47. Kd3 Kb4 48. Kd4 Ka3 49. Kc5 Kxa2 50. b4 1/2-1/2

[Event "FSIM-B 2006.05"]
[Site "Budapest HUN"]
[Date "2006.05.08"]
[Round "3"]
[White "Kaufman, Raymond"]
[Black "Lengyel, Bela"]
[Result "1/2-1/2"]
[WhiteElo "2230"]
[BlackElo "2313"]
[PlyCount "93"]
[GameId "2129405112778153"]
[EventDate "2006.05.06"]
[EventType "tourn"]
[EventRounds "9"]
[EventCountry "HUN"]
[EventCategory "1"]
[SourceTitle "The Week in Chess 601"]
[Source "Mark Crowther"]
[SourceDate "2006.05.15"]
[SourceVersion "1"]
[SourceVersionDate "2006.05.15"]
[SourceQuality "2"]

1. d4 d5 2. c4 e6 3. Nc3 Nf6 4. Bg5 Nbd7 5. e3 Be7 6. Nf3 O-O 7. Rc1 c6 8. Bd3 h6 9. Bh4 dxc4 10. Bxc4 b5 11. Bd3 a6 12. a4 bxa4 13. Nxa4 Qa5+ 14. Nd2 Bb4 15. Nc3 c5 16. Nc4 Qd8 17. Ne5 cxd4 18. exd4 Qb6 19. Nxd7 Nxd7 20. O-O Bb7 21. Bb1 Rfc8 22. Qd3 Nf8 23. Rfd1 Qa5 24. Qe3 Qh5 25. Bg3 Nd7 26. h3 Qg5 27. Be4 Bxe4 28. Qxg5 hxg5 29. Nxe4 Be7 30. Bd6 Bd8 31. Rxc8 Rxc8 32. d5 exd5 33. Rxd5 f6 34. Bg3 Nf8 35. Rc5 Ra8 36. Kf1 Nd7 37. Rd5 Nb6 38. Rd6 Nc4 39. Rd7 Nxb2 40. Nc5 Bb6 41. Ne6 Ra7 42. Rd6 Rb7 43. Rd2 Nc4 44. Rc2 Na3 45. Ra2 Nb5 46. Rxa6 Kf7 47. f3 1/2-1/2

[Event "FSIM-B 2006.05"]
[Site "Budapest HUN"]
[Date "2006.05.09"]
[Round "4"]
[White "Kahn, Evarth"]
[Black "Kaufman, Raymond"]
[Result "0-1"]
[WhiteElo "2289"]
[BlackElo "2230"]
[PlyCount "77"]
[GameId "2129405112778158"]
[EventDate "2006.05.06"]
[EventType "tourn"]
[EventRounds "9"]
[EventCountry "HUN"]
[EventCategory "1"]
[SourceTitle "The Week in Chess 601"]
[Source "Mark Crowther"]
[SourceDate "2006.05.15"]
[SourceVersion "1"]
[SourceVersionDate "2006.05.15"]
[SourceQuality "2"]

1. d4 Nf6 2. c4 c5 3. d5 e6 4. Nc3 exd5 5. cxd5 d6 6. e4 g6 7. f4 Bg7 8. Nf3 O-O 9. Be2 Bg4 10. O-O Nbd7 11. a4 Re8 12. h3 Bxf3 13. Bxf3 Qa5 14. Kh1 a6 15. Be3 c4 16. Bd4 Qb4 17. Qe1 Nc5 18. Qh4 Nfd7 19. Bxg7 Kxg7 20. Rab1 Qb6 21. Qf2 Nd3 22. Qxb6 Nxb6 23. Be2 Nc5 24. a5 Nbd7 25. e5 Nb3 26. Ne4 dxe5 27. Bxc4 exf4 28. Rxf4 Nxa5 29. Ba2 Ne5 30. Nf6 Red8 31. Rbf1 b5 32. Ng4 Nxg4 33. Rxf7+ Kh6 34. hxg4 Rac8 35. Ra7 Rd6 36. Kh2 Rc2 37. Rf3 b4 38. Bb3 Rxb2 39. Kg3 0-1

[Event "FSIM-B 2006.05"]
[Site "Budapest HUN"]
[Date "2006.05.10"]
[Round "5"]
[White "Kaufman, Raymond"]
[Black "Brustkern, Juergen"]
[Result "1-0"]
[WhiteElo "2230"]
[BlackElo "2242"]
[PlyCount "35"]
[GameId "2129405112778162"]
[EventDate "2006.05.06"]
[EventType "tourn"]
[EventRounds "9"]
[EventCountry "HUN"]
[EventCategory "1"]
[SourceTitle "The Week in Chess 601"]
[Source "Mark Crowther"]
[SourceDate "2006.05.15"]
[SourceVersion "1"]
[SourceVersionDate "2006.05.15"]
[SourceQuality "2"]

1. e4 d5 2. exd5 Qxd5 3. Nf3 Nf6 4. d4 Bg4 5. Be2 e6 6. O-O c6 7. c4 Qd8 8. Nc3 Be7 9. Be3 Nbd7 10. h3 Bh5 11. d5 Qc7 12. Nd4 Bxe2 13. Qxe2 Nf8 14. Rfe1 O-O-O 15. dxc6 bxc6 16. Qf3 e5 17. Nxc6 e4 18. Qf5+ 1-0

[Event "FSIM-B 2006.05"]
[Site "Budapest HUN"]
[Date "2006.05.12"]
[Round "7"]
[White "Kaufman, Raymond"]
[Black "Farago, Sandor"]
[Result "1-0"]
[WhiteElo "2230"]
[BlackElo "2262"]
[PlyCount "73"]
[GameId "2129405112778171"]
[EventDate "2006.05.06"]
[EventType "tourn"]
[EventRounds "9"]
[EventCountry "HUN"]
[EventCategory "1"]
[SourceTitle "The Week in Chess 602"]
[Source "Mark Crowther"]
[SourceDate "2006.05.22"]
[SourceVersion "1"]
[SourceVersionDate "2006.05.22"]
[SourceQuality "2"]

1. e4 Nf6 2. e5 Nd5 3. d4 d6 4. c4 Nb6 5. exd6 cxd6 6. Nc3 g6 7. Be3 Bg7 8. Rc1 Nc6 9. d5 Ne5 10. Be2 O-O 11. b3 f5 12. f4 Ng4 13. Bxg4 fxg4 14. Nge2 e6 15. dxe6 Bxe6 16. O-O Qe7 17. Qd2 Rad8 18. Bd4 d5 19. c5 Nc8 20. Rce1 Rd7 21. Bxg7 Qxg7 22. Nd4 Bf5 23. Re5 Ne7 24. Rfe1 Nc6 25. Nxf5 Rxf5 26. Rxf5 gxf5 27. Nxd5 Nd4 28. Re5 Nc6 29. Nf6+ Qxf6 30. Re8+ Kg7 31. Qxd7+ Qf7 32. Qxf7+ Kxf7 33. Rh8 Kg6 34. Rc8 Nb4 35. Rc7 b6 36. c6 Kf6 37. Rxh7 1-0

[Event "FSIM-B 2006.05"]
[Site "Budapest HUN"]
[Date "2006.05.13"]
[Round "8"]
[White "Kaufman, Raymond"]
[Black "Malysheva, Polina"]
[Result "0-1"]
[WhiteElo "2230"]
[BlackElo "2298"]
[PlyCount "77"]
[GameId "2129405112778180"]
[EventDate "2006.05.06"]
[EventType "tourn"]
[EventRounds "9"]
[EventCountry "HUN"]
[EventCategory "1"]
[SourceTitle "The Week in Chess 602"]
[Source "Mark Crowther"]
[SourceDate "2006.05.22"]
[SourceVersion "1"]
[SourceVersionDate "2006.05.22"]
[SourceQuality "2"]

1. e4 c5 2. Nf3 Nc6 3. Bb5 g6 4. O-O Bg7 5. c3 Nf6 6. Re1 O-O 7. e5 Nd5 8. d4 cxd4 9. cxd4 d6 10. Nc3 Nxc3 11. bxc3 Qa5 12. Bxc6 bxc6 13. Bg5 Qc7 14. exd6 exd6 15. Re7 Qa5 16. Re3 Bg4 17. Be7 Rfe8 18. h3 Bh6 19. Re1 Bxf3 20. Qxf3 Bd2 21. Red1 Bxc3 22. Rac1 Bb2 23. Rc2 Rxe7 24. Rxb2 Qa4 25. Rc1 Qxd4 26. Qxc6 Qxb2 27. Qxa8+ Kg7 28. Rd1 Qxa2 29. Qc6 Qa5 30. Qxd6 Re1+ 31. Kh2 Rxd1 32. Qxd1 Qe5+ 33. g3 a5 34. Qa4 h5 35. h4 Qc3 36. Qa2 Qb4 37. Qa1+ Kg8 38. Qe5 a4 39. g4 0-1

[Event "FSIM-B 2006.05"]
[Site "Budapest HUN"]
[Date "2006.05.14"]
[Round "9"]
[White "McDonald Ross, Michael"]
[Black "Kaufman, Raymond"]
[Result "1-0"]
[WhiteElo "2198"]
[BlackElo "2230"]
[PlyCount "103"]
[GameId "2129405112778183"]
[EventDate "2006.05.06"]
[EventType "tourn"]
[EventRounds "9"]
[EventCountry "HUN"]
[EventCategory "1"]
[SourceTitle "The Week in Chess 602"]
[Source "Mark Crowther"]
[SourceDate "2006.05.22"]
[SourceVersion "1"]
[SourceVersionDate "2006.05.22"]
[SourceQuality "2"]

1. d4 Nf6 2. Nf3 c5 3. d5 e6 4. Nc3 exd5 5. Nxd5 Nxd5 6. Qxd5 Nc6 7. e4 d6 8. Ng5 Qe7 9. Bb5 Bd7 10. Bf4 h6 11. Nf3 a6 12. Be2 g5 13. Bg3 f5 14. exf5 g4 15. Bh4 Nb4 16. Bxe7 Nxd5 17. Bxf8 gxf3 18. Bxf3 Rxf8 19. Bxd5 Rxf5 20. O-O-O O-O-O 21. f3 Re8 22. Be4 Rf6 23. Rd2 Kc7 24. Rhd1 b5 25. c3 a5 26. a3 Rb8 27. b4 axb4 28. axb4 Bc6 29. Bxc6 Kxc6 30. Ra2 Rb6 31. Re1 Kd5 32. Re4 cxb4 33. Rxb4 Re6 34. c4+ Kd4 35. Kd2 Rb8 36. cxb5+ Kc5 37. Re4 Rg6 38. Rc2+ Kd5 39. Ke3 Rxb5 40. Rd2+ Kc5 41. g3 d5 42. Re5 Kc4 43. Rd4+ Kc3 44. Rdxd5 Rb8 45. Rc5+ Kb4 46. f4 Ra6 47. Rc2 Rf8 48. Ke4 Kb3 49. Rc7 Ra4+ 50. Kf3 Rd4 51. Rb5+ Ka4 52. Rb1 1-0

[Event "World op"]
[Site "Philadelphia USA"]
[Date "2005.06.29"]
[Round "2"]
[White "Kaufman, Raymond"]
[Black "Sharavdorj, Dashzeveg"]
[Result "0-1"]
[WhiteElo "2271"]
[BlackElo "2453"]
[PlyCount "60"]
[GameId "2129405119230593"]
[EventDate "2005.06.28"]
[EventType "swiss"]
[EventRounds "9"]
[EventCountry "USA"]
[SourceTitle "The Week in Chess 563"]
[Source "Mark Crowther"]
[SourceDate "2005.08.22"]
[SourceVersion "1"]
[SourceVersionDate "2005.08.22"]
[SourceQuality "2"]

1. d4 Nf6 2. c4 g6 3. Nc3 Bg7 4. e4 d6 5. Nf3 O-O 6. Be2 Na6 7. O-O e5 8. Re1 Qe8 9. Bf1 Bg4 10. d5 Nb4 11. Qb3 a5 12. c5 Bxf3 13. gxf3 Nd7 14. cxd6 cxd6 15. Be3 f5 16. a3 Na6 17. Rac1 Nac5 18. Qd1 Qe7 19. b4 axb4 20. axb4 Na6 21. Qb3 Qh4 22. Nb5 fxe4 23. Rc4 Rf6 24. Qc2 Bh6 25. Rc8+ Rxc8 26. Qxc8+ Nf8 27. Bh3 Rxf3 28. Be6+ Kh8 29. Bb6 e3 30. Re2 Rxf2 0-1

[Event "Amateur Team East"]
[Site "Parsippany USA"]
[Date "2005.03.20"]
[Round "4"]
[White "Kaufman, Raymond"]
[Black "Zaremba, Andrie"]
[Result "1-0"]
[WhiteElo "2255"]
[BlackElo "2318"]
[PlyCount "81"]
[GameId "2129405121016962"]
[EventDate "2005.03.19"]
[EventType "team"]
[EventRounds "6"]
[EventCountry "USA"]
[SourceTitle "The Week in Chess 541"]
[Source "Mark Crowther"]
[SourceDate "2005.03.21"]
[SourceVersion "1"]
[SourceVersionDate "2005.03.21"]
[SourceQuality "2"]

1. e4 c5 2. a3 e6 3. b4 cxb4 4. axb4 Bxb4 5. Bb2 Bf8 6. Ra3 Nc6 7. Rg3 Nf6 8. e5 Nd5 9. Nf3 h6 10. Na3 Rg8 11. Bd3 g5 12. Nc4 Nf4 13. Bh7 Rg7 14. Be4 Be7 15. h4 g4 16. Nh2 f5 17. exf6 Bxf6 18. Bxf6 Qxf6 19. Nxg4 Qd4 20. Nge3 d5 21. c3 Qf6 22. Rxg7 Qxg7 23. g3 dxe4 24. gxf4 b6 25. Qa4 Bb7 26. Nd6+ Kd7 27. Nxb7 Kc7 28. Qxe4 Kxb7 29. Qxe6 Rd8 30. Ke2 Rf8 31. Qe4 Qf7 32. Rg1 Re8 33. Rg7 Qxg7 34. Qxe8 Qf6 35. Qd7+ Ka6 36. Nd5 Qg6 37. Nc7+ Kb7 38. Ne6+ Ka6 39. Qxc6 Qg4+ 40. Ke3 Qh3+ 41. f3 1-0

[Event "US Amateur Team East"]
[Site "Parsippany USA"]
[Date "2004.02.16"]
[Round "5"]
[White "Kaufman, Raymond"]
[Black "Matthew, Ervin"]
[Result "1-0"]
[WhiteElo "2263"]
[BlackElo "2135"]
[PlyCount "73"]
[GameId "2129405129418258"]
[EventDate "2004.02.14"]
[EventType "team"]
[EventRounds "6"]
[EventCountry "USA"]
[SourceTitle "The Week in Chess 488"]
[Source "Mark Crowther"]
[SourceDate "2004.03.15"]
[SourceVersion "1"]
[SourceVersionDate "2004.03.15"]
[SourceQuality "2"]

1. e4 e5 2. Nf3 Nc6 3. Bb5 a6 4. Bxc6 dxc6 5. O-O Bg4 6. h3 h5 7. d3 Qf6 8. Nbd2 Ne7 9. Nc4 Bxf3 10. Qxf3 Qxf3 11. gxf3 Ng6 12. Be3 c5 13. a4 b6 14. Rfd1 f6 15. Kf1 Nh4 16. f4 Bd6 17. fxe5 fxe5 18. Ke2 Ng6 19. Rg1 Kf7 20. Rg5 Rae8 21. Rf5+ Kg8 22. Rg1 Re6 23. Bg5 Kh7 24. Rf7 Rc8 25. Bd2 Be7 26. Rf5 h4 27. Bc3 Rf8 28. Rg4 Nf4+ 29. Kf1 Nxh3 30. Rxf8 Bxf8 31. Rxh4+ Rh6 32. Rxh6+ Kxh6 33. Bxe5 b5 34. axb5 axb5 35. Ne3 c6 36. Nf5+ Kg6 37. f4 1-0

[Event "National Chess Congress"]
[Site "Philadelphia USA"]
[Date "2003.11.28"]
[Round "1"]
[White "Samuelson, Andrew"]
[Black "Kaufman, Raymond"]
[Result "0-1"]
[WhiteElo "2132"]
[BlackElo "2257"]
[PlyCount "132"]
[GameId "2129405131153394"]
[EventDate "2003.11.28"]
[EventType "swiss"]
[EventRounds "6"]
[EventCountry "USA"]
[SourceTitle "The Week in Chess 474"]
[Source "Mark Crowther"]
[SourceDate "2003.12.08"]
[SourceVersion "1"]
[SourceVersionDate "2003.12.08"]
[SourceQuality "2"]

1. e4 e6 2. d3 d5 3. Qe2 Nf6 4. Nf3 Be7 5. g3 dxe4 6. dxe4 b6 7. e5 Ba6 8. c4 Nfd7 9. Bg2 Nc6 10. O-O Qb8 11. Rd1 b5 12. Qe4 Bb7 13. cxb5 Ncxe5 14. Qxb7 Qxb7 15. Nxe5 Qxg2+ 16. Kxg2 Nxe5 17. Bf4 Bf6 18. Nc3 Nc4 19. Na4 a6 20. bxa6 Rxa6 21. Rac1 Rxa4 22. b3 Nb2 23. bxa4 Nxd1 24. Rxd1 c5 25. a5 O-O 26. Rc1 Be7 27. a6 Ra8 28. Rb1 Rxa6 29. Rb8+ Bf8 30. Rc8 f6 31. Be3 Ra5 32. a3 Kf7 33. Rc7+ Be7 34. h4 e5 35. h5 Ke6 36. g4 g6 37. h6 f5 38. gxf5+ gxf5 39. f3 Kd6 40. Rb7 Ke6 41. Rc7 Rb5 42. a4 Rb2+ 43. Kf1 Kd6 44. Rc8 f4 45. Bf2 Kd5 46. Rc7 Kd6 47. Rc8 Kd7 48. Rh8 c4 49. Be1 Rb3 50. Rxh7 c3 51. Rxe7+ Kxe7 52. h7 Rb8 53. Bxc3 Ke6 54. Ke2 Rh8 55. Kd3 Rxh7 56. Ke4 Rh2 57. a5 Re2+ 58. Kd3 Re3+ 59. Kc4 Kd7 60. a6 Kc6 61. Bb4 Rxf3 62. a7 Kb7 63. Kd5 Re3 64. Bc5 Re2 65. Bd6 f3 66. Bc5 e4 0-1

[Event "National Chess Congress"]
[Site "Philadelphia USA"]
[Date "2003.11.28"]
[Round "2"]
[White "Kaufman, Raymond"]
[Black "Zlotnikov, Mikhail"]
[Result "1/2-1/2"]
[WhiteElo "2257"]
[BlackElo "2350"]
[PlyCount "65"]
[GameId "2129405131153405"]
[EventDate "2003.11.28"]
[EventType "swiss"]
[EventRounds "6"]
[EventCountry "USA"]
[SourceTitle "The Week in Chess 474"]
[Source "Mark Crowther"]
[SourceDate "2003.12.08"]
[SourceVersion "1"]
[SourceVersionDate "2003.12.08"]
[SourceQuality "2"]

1. d4 g6 2. e4 Bg7 3. c4 d6 4. Nc3 Nf6 5. f4 O-O 6. Nf3 c5 7. d5 e6 8. Be2 Re8 9. Nd2 exd5 10. cxd5 Na6 11. O-O Nc7 12. a4 Rb8 13. Bf3 b6 14. Re1 Ba6 15. Qb3 c4 16. Nxc4 Ncxd5 17. Nxd5 Nxd5 18. Rd1 Bxc4 19. Qxc4 Nc7 20. e5 d5 21. Bxd5 Nxd5 22. Rxd5 Qh4 23. Be3 Rbc8 24. Qd3 f6 25. Rd7 fxe5 26. Rxa7 exf4 27. Qd5+ Kh8 28. Bf2 Qh5 29. Qxh5 gxh5 30. Bxb6 Bxb2 31. Rd1 Rc1 32. Rxc1 Bxc1 33. Bd4+ 1/2-1/2

[Event "National Chess Congress"]
[Site "Philadelphia USA"]
[Date "2003.11.29"]
[Round "3"]
[White "Milman, Lev"]
[Black "Kaufman, Raymond"]
[Result "1-0"]
[WhiteElo "2380"]
[BlackElo "2257"]
[PlyCount "63"]
[GameId "2129405131149323"]
[EventDate "2003.11.28"]
[EventType "swiss"]
[EventRounds "6"]
[EventCountry "USA"]
[SourceTitle "The Week in Chess 474"]
[Source "Mark Crowther"]
[SourceDate "2003.12.08"]
[SourceVersion "1"]
[SourceVersionDate "2003.12.08"]
[SourceQuality "2"]

1. e4 e5 2. Nf3 Nc6 3. Bb5 a6 4. Ba4 Nf6 5. d4 exd4 6. O-O Be7 7. Re1 b5 8. Bb3 d6 9. Bd5 Bb7 10. Nxd4 Nxd5 11. Nxc6 Bxc6 12. exd5 Bb7 13. a4 O-O 14. axb5 axb5 15. Rxa8 Bxa8 16. Qe2 Bg5 17. Qxb5 Bxc1 18. Rxc1 Qg5 19. Rd1 c6 20. Qb4 c5 21. Qe4 h5 22. Na3 Rb8 23. Nc4 Qf6 24. h4 Bb7 25. Rd3 Ba6 26. Rf3 Qh6 27. Ne3 Be2 28. Rf4 Bg4 29. g3 Rxb2 30. Qe8+ Kh7 31. f3 Bh3 32. Kh2 1-0

[Event "World op"]
[Site "Philadelphia USA"]
[Date "2003.07.03"]
[Round "4"]
[White "Vigorito, David"]
[Black "Kaufman, Raymond"]
[Result "1/2-1/2"]
[WhiteElo "2298"]
[BlackElo "2239"]
[PlyCount "40"]
[GameId "2129405134728778"]
[EventDate "2003.06.30"]
[EventType "swiss"]
[EventRounds "9"]
[EventCountry "USA"]
[SourceTitle "The Week in Chess 452"]
[Source "Mark Crowther"]
[SourceDate "2003.07.07"]
[SourceVersion "1"]
[SourceVersionDate "2003.07.07"]
[SourceQuality "2"]

1. Nf3 d5 2. d4 Nf6 3. c4 c6 4. Nc3 a6 5. c5 Nbd7 6. Bf4 g6 7. h3 Bg7 8. e3 Ne4 9. Qc2 Nxc3 10. Qxc3 O-O 11. Be2 b6 12. cxb6 Qxb6 13. O-O c5 14. Rac1 cxd4 15. exd4 Nf6 16. Bc7 Qb7 17. Qa3 Bd7 18. Ne5 Rfc8 19. Ba5 Bb5 20. Rxc8+ Rxc8 1/2-1/2